000 00238nam a2200097Ia 4500
001 879918
005 20250826182612.0
008 250824s9999 xx 000 0 und d
245 0 _aBANA ALLAH YETER
_cUĞUR KOŞAR
260 _bDESTEK YAYINLARI
999 _c879918
_d879918